| 000 | 00815nam a2200205 a 4500 | ||
|---|---|---|---|
| 003 | 0 | ||
| 005 | 20250421161245.0 | ||
| 008 | 970114s19uu xx 00 eng d | ||
| 050 |
_aPGS HQ 789 _b.R233 2003 |
||
| 100 | _aRaterta, Marianne Jane J. | ||
| 245 |
_aThe awareness of children's rights by the grades 5 and 6 students of Southville International School School Year 2002-2003 / _cMarianne Jane J. Raterta. |
||
| 260 |
_aLas Piñas City, Philippines : _bSouthville International School and Colleges, _c2003. |
||
| 300 |
_aUnpaged : _billustrations ; _c28 cm. |
||
| 504 | _aIncludes bibliographical references. | ||
| 650 | _aChildren's rights. | ||
| 650 |
_aChildren _vLegal status, laws, etc... |
||
| 650 |
_aStudents _vAttitudes. |
||
| 650 |
_aChildren’s rights _vStudy and teaching. |
||
| 942 |
_2lcc _cPASS |
||
| 999 |
_c96916 _d96916 |
||